000 00832nam a2200265Ia 4500
003 OSt
005 20221005092944.0
006 a|||||r|||| 00| 0
007 ta
008 221004b |||||||| |||| 00| 0 eng d
020 _a9781783274086 (hbk)
_cUKP 65.00
024 _a68145
037 _b606, 05/02/2020, Sunrise Books
_cTextual
040 _aCRL
_cCRL
_beng
041 _2eng
_aeng
082 _aV3.M, Q9
100 _aScobie Ruth Au.
_9617937
245 0 _aCelebrity culture and the myth of oceania in Britain, 1770-1823
260 _aNew York
_bThe Boydell Press USA
_c2019
300 _avii,208p.
_ccm.
490 _aStudies in the eighteenth century
650 _aGREAT BRITAIN - HISTORY
942 _hV3.M, Q9
_cTEXL
_2cc
999 _c999589
_d999589